=LDR 00000nam 2200000 4500 =001 NUTBA000000000003483 =005 20140820111613.0 =006 =007 =008 =020 ##$$a 978-602-8520-27-6 =035 ##$$a 0010-081400000000328 =040 ##$$a NBPDMAT =082 ##$$a 510 =090 ##$$a 510 $b Tri m =100 ##$$a Triyani =245 ##$$a Mengenal bentuk pangkat dan akar / $c penulis Triyani =260 ##$$a Jakarta : $b Ghina Walafa, $c 2010 =300 ##$$a 47 hlm. ; $c 25 cm. =650 ##$$a Matematika-pangkat dan akar =990 ##$$a 21404407 =990 ##$$a 0001/BPAP-NTB/20142014